चैतन्य महाप्रभु (Record no. 63874)
[ view plain ]
| 000 -LEADER | |
|---|---|
| fixed length control field | 00361nam a22001097a 4500 |
| 082 ## - DEWEY DECIMAL CLASSIFICATION NUMBER | |
| Classification number | 741.642 |
| 100 ## - MAIN ENTRY--AUTHOR NAME | |
| Personal name | प्रभाकिरण जैन |
| 245 ## - TITLE STATEMENT | |
| Title | चैतन्य महाप्रभु |
| 260 ## - PUBLICATION, DISTRIBUTION, ETC. (IMPRINT) | |
| Place of publication | दिल्ली |
| Name of publisher | भारतीय ज्ञानपीठ |
| Year of publication | 2017 |
| 650 ## - SUBJECT ADDED ENTRY--TOPICAL TERM | |
| Topical Term | बालकक्ष |
| 942 ## - ADDED ENTRY ELEMENTS (KOHA) | |
| Koha item type | Books |
| Withdrawn status | Lost status | Damaged status | Not for loan | Home library | Current library | Date acquired | Cost, normal purchase price | Full call number | Accession Number | Price effective from | Koha item type |
|---|---|---|---|---|---|---|---|---|---|---|---|
| MACL | MACL | 17/11/2020 | 150.00 | 741.642 | RRC000201 | 17/11/2020 | Books |









